| Registos Bibliográficos associados ao registo de autoridade |
|
Etiqueta de registo: 00254nam 2200025 450 001 2283633 003 http://id.bnportugal.gov.pt/bib/catbnp/2283633 010 ## $a978-989-9216-39-6 021 ## $aPT$b557448/25 100 ## $a20260406d2026 m y0pory01030103ba 101 1# $apor$cpol 102 ## $aPT 105 ## $aa z 000yy 106 ## $ar 200 1# $aNa cozinha do Kremlin$ecomo construir um império com uma faca, uma colher e um garfo$fWitold Szabtowski$gtrad. Teresa Fernandes Swiatkiewicz 205 ## $a1ª ed 210 #9 $aLisboa$cZigurate,$d2026 215 ## $a347, [4] p.$cil.$d23 cm 304 ## $aTít. orig.: Rosja od kuchni. Jak zbudowaÂc imperium noÇzem, chochlÓa i widelcem 700 #1 $aSzabtowski,$bWitold$31994717 702 #1 $aSwiatkiewicz,$bTeresa Fernandes$4730$3972487 801 #0 $aPT$bBN$gRPC 966 ## $lBN$mFGMON$x1 966 ## $lBN$mFGMON$x1 971 ## $corlando$d20260406
|
|
|